00519nai a2200157Ia 4500003000900000008004100009022002200050022002300072040001600095245002600111260003400137310001200171362002500183521006900208856008400277IN-BaIIA211028c9999 xx s 000 0 eng d a0014-3820 (Print) a1558-5646 (Online) cIIA Library 0aEvolutionh[eJournal] aNew JerseybJohn Wiley & Sons aMonthly a1(1); 1947 - Present bSubscribed through National Knowledge Resource Consortium (NKRC) uhttps://onlinelibrary.wiley.com/journal/15585646yClick Here to Access eJournal